000 00633nam a2200217Ia 4500
003 0100
008 130303s9999 xx 000 0 und d
020 _a800626818
040 _cARRUPELIB
050 _aBS2398.W751992
100 _aWright, N. T
245 _aJesus and the victory of God
260 _aMinneapolis
260 _bFortress Press
260 _C1992
300 _axxi
300 _b 741p. 24cm.
440 _aChristian origins and the question of God, vol.2
650 _bAuthors, Irish -- Ireland -- Dublin -- Biography Dublin (Ireland) -- Intellectual life City and town life in literature
942 0 0 _03
999 _c11555
_d11555